Statistics for The Simpsons Trivia Time!

Click here to take the quiz!

General Stats

  • This quiz has been taken 201 times
  • The average score is 9 of 10

Answer Stats

QuestionAnswer% Correct
Who is the baby in the Simpson family?Maggie Simpson
100%
Who owns the nuclear power plant?Mr. Burns
100%
Who is Mr. Burns' assistant?Waylon Smithers
99%
What town do the Simpsons live in?Springfield
98%
Who drives the Springfield school bus?Otto Mann
97%
What street is the Simpson's house on?Evergreen Terrace
89%
Who tries to make Mr. Burns' breakfast and ends up causing several fires?Homer Simpson
89%
Who tricks the town into thinking that the Simpson's have been robbed?Bart Simpson
86%
Where are Homer & Marge Simpson when Child Welfare arrives at the Simpson house?The Health Spa
73%
Who is in every scene at Moe's Tavern?Moe Szyslak
41%

Score Distribution

Percentile by Number Answered

Percent of People with Each Score

Your Score History

You have not taken this quiz